00645cam a2200205 a 4500008004100000020002200041100002300063245009400086250001200180260005300192300003700245500002000282504004100302650002500343700002200368700002200390003000100412005001700413040000900430  a0131273884 (pbk.)1 aHoffer, Jeffrey A.10aModern database management /cJeffrey A. Hoffer, Mary B. Prescott [and] Fred R. McFadden. a7th ed. aUpper Saddle River, NJ :bPrentice Hall,cc2005. axxxiii, 700 p. :bill. ;c28 cm. aIncludes index. aIncludes bibliographical references. 0aDatabase management.1 aMcFadden, Fred R.1 aPrescott, Mary B.20230123125315.0 cNUST